| 000 | 00384nam a22001577a 4500 | ||
|---|---|---|---|
| 022 | _a1 85605 143 9 | ||
| 082 |
_a364.1523 _bHAL _cD |
||
| 100 |
_aHall Allan _938244 |
||
| 245 | _aMURDER AND MADNESS | ||
| 260 |
_aUK _bBlitz Editions _c1993 |
||
| 300 | _a80.p: | ||
| 526 |
_a0 _b0 _c0 _d364_152300000000000_HAL |
||
| 650 |
_aMCE _9379 |
||
| 700 |
_aAllan Hall _938245 |
||
| 942 |
_2ddc _cBK |
||
| 999 |
_c542887 _d542887 |
||